000 00596nam a2200217Ii 4500
001 60
003 CO-ViMGA
008 241108s9999||||xx |||||||||||||| ||und||
020 _a8437613310
040 _aCO-ViMGA
_bspa
_erda
_cCO-ViMGA
041 0 _aspa
084 _aN MAL2
100 1 _aJosé Bianco
_948885
245 1 0 _aLa esperanza
264 1 _a[Lugar de publicación no identificado] : Cátedra, 1995
300 _avolumen
336 _atext
_btxt
_2rdacontent
337 _aunmediated
_bn
_2rdamedia
338 _avolume
_bnc
_2rdacarrier
940 _aidficha_siabuc: 57. -- ficha_no_siabuc:60
999 _c43527
_d43527